Loading...
| Current Events | 2 | 15.00 | 100% | 50% | 0% |
| Fine Arts - Classical Music | 5 | 16.00 | 100% | 60% | 0% |
| Fine Arts - Other | 6 | 13.33 | 100% | 33% | 0% |
| Fine Arts - Painting and Sculpture | 5 | 22.00 | 100% | 60% | 60% |
| Geography | 2 | 15.00 | 50% | 100% | 0% |
| History - American | 5 | 22.00 | 100% | 80% | 40% |
| History - European | 4 | 20.00 | 100% | 75% | 25% |
| History - Other | 7 | 21.43 | 100% | 86% | 29% |
| History - World | 7 | 22.86 | 100% | 86% | 43% |
| Literature - American | 3 | 20.00 | 100% | 67% | 33% |
| Literature - British | 8 | 17.50 | 100% | 75% | 0% |
| Literature - European | 4 | 12.50 | 75% | 50% | 0% |
| Literature - World | 5 | 10.00 | 80% | 20% | 0% |
| Mythology | 3 | 16.67 | 100% | 67% | 0% |
| Philosophy | 4 | 17.50 | 75% | 100% | 0% |
| Popular Culture | 4 | 17.50 | 100% | 75% | 0% |
| Religion | 6 | 20.00 | 100% | 83% | 17% |
| Science - Biology | 4 | 20.00 | 100% | 75% | 25% |
| Science - Chemistry | 2 | 5.00 | 50% | 0% | 0% |
| Science - Other | 3 | 16.67 | 67% | 33% | 67% |
| Science - Physics | 8 | 8.75 | 75% | 0% | 13% |
| Social Science | 2 | 20.00 | 100% | 50% | 50% |